000
00299nam a2200133Ia 4500
005
20251222141853.0
008
251222s9999||||xx |||||||||||||| ||spa||
082
_a
256.4/A59
100
_a
Andreotti, Giulio
245
0
_a
Chi Prega si Salva
250
_a
3a.ed.
264
_b
3O Giorni
942
_c
LIB
999
_c
7784
_d
7784